000 00699nam a2200265Ia 4500
005 20260302115727.0
008 008 260114s9999 xx 000 0 eng d
020 _a9781978748033
037 _aTextbook
040 _aCRL
040 _beng
040 _cCRL
041 _2eng
041 _aeng
084 _qCRL
100 _aCraig D. Uchida
_91122470
245 0 _aPolicing the Streets of Los Angeles Controversies, Change, and Continuity
260 _bBloomsbury
260 _bLexington Books
260 _c2025
650 _aLaw
856 _uhttps://doi.org/10.5040/9781978748033?locatt=label:secondary_bloomsburyCollections
942 _cEBOOK
999 _c1687255
_d1687255